| 000 | 00443nam a22001817a 4500 | ||
|---|---|---|---|
| 003 | CEME | ||
| 005 | 20210628210358.0 | ||
| 008 | 210216b xxu||||| |||| 00| 0 eng d | ||
| 020 | _a969-496-039-8 | ||
| 040 | _c. | ||
| 082 | _a910.4 AMJ | ||
| 100 |
_aAmjad Islam Amjad _99447 |
||
| 245 | _aSheher der sheher | ||
| 260 |
_aISLAMABAD _bDOST PUBLICATIONS _c1998 |
||
| 300 | _a375P | ||
| 650 |
_aURDU ADAB-SAFARNAMA _964322 |
||
| 942 |
_cBK _2ddc |
||
| 999 |
_c584200 _d584200 |
||